000 00875nam a2200277 a 4500
001 25581
003 CO-ViMGA
008 141112s2004 ck r 000 u spa d
020 _a9789587582390
040 _aCO-ViMGA
_bspa
_cCO-ViMGA
041 _aSPA
090 _aN BAE1
100 1 _aBaena, Rafael, 1956 -
_939135
245 1 0 _aLa bala vendida /
_cRafael Baena
250 _a1a ed.
260 _aBogotá :
_bAlfaguara,
_c2011
300 _a278 p.
500 _aIncluye datos biográficos del autor en la solapa del libro.
650 1 4 _aAUTORES COLOMBIANOS
_932
650 1 4 _aGUERRA DE LOS MIL DIAS, 1899 - 1903 - NOVELA
_939136
650 1 4 _aLITERATURA COLOMBIANA - SIGLO XX
_92057
650 1 4 _aMUJERES EN LA LITERATURA
_91058
650 1 4 _aNOVELA COLOMBIANA - SIGLO XX
_92058
650 1 4 _aVIOLENCIA Política - COLOMBIA - NOVELA
_939137
942 _2ddc
_cBK
999 _c5155
_d5155